Wypisz wszystkie piosenki Zeamsone z płyty "???" - Statystyki

Ogólne statystyki
  • Ten quiz został rozwiązany 7 razy
  • Średni wynik to 8 z 15
Statystyki odpowiedzi
Lp. Piosenka % Poprawnych
5 5 Influencerek
100%
1 Chciałem to na Intro
100%
3 trzy znaki zapytania
100%
2 20k
80%
12 21 gramów
80%
6 Anioły nad Wulkanem
80%
9 Internetowy Raper ft. Janusz Walczuk
80%
7 Tsunami ft. Qry
60%
4 4TB ft. Asster
40%
10 Więzień Wizerunku
40%
11 Wysokie Modelki ft. PlanBe
40%
14 CBP ft.JCobe BONUS TRACK
20%
13 Zeams Owner BONUS TRACK
20%
15 Realtalk Freestyle BONUS TRACK
0%
8 Zmęczony Imprezą
0%
Nie znaleziono quizów pasujących do podanych kryteriów
Rozkład punktacji
Procent ludzi z każdym wynikiem
Percentyl według liczby udzielonych odpowiedzi
Twoja historia wyników
Nie rozwiązałeś tego quizu